[Event "Women's Speed Chess Q3"]
[Site "chess.com INT"]
[Date "2021.05.30"]
[Round "19"]
[White "Bivol, Alina"]
[Black "Balabayeva, Xeniya"]
[Result "1-0"]
[WhiteTitle "WGM"]
[BlackTitle "WFM"]
[WhiteElo "2385"]
[BlackElo "2178"]
[WhiteFideId "4100123"]
[BlackFideId "13719688"]
[EventDate "2021.05.30"]

1. e4 c6 2. b3 d5 3. exd5 cxd5 4. Bb2 Nc6 5. Nf3 Nf6 6. Bb5 e6 7. O-O Be7 8. Ne5
Bd7 9. Nxd7 Qxd7 10. Qf3 O-O 11. d3 Qc7 12. Nd2 Nb4 13. c3 Nc6 14. d4 Rac8 15.
Bd3 e5 16. dxe5 Nxe5 17. Qh3 Nxd3 18. Qxd3 Bc5 19. c4 d4 20. Nf3 Rfd8 21. Rad1
Ng4 22. Qf5 Nf6 23. Nxd4 Qb6 24. Nb5 Rxd1 25. Rxd1 Rd8 26. Rxd8+ Qxd8 27. g3 Bb6
28. Bxf6 gxf6 29. Qd5 Qxd5 30. cxd5 Kf8 31. Kg2 Ke7 32. Kf3 a6 33. Nc3 Kd6 34.
Ke4 Ba5 35. Ne2 Bb6 36. Nf4 Bxf2 37. Kf5 Bd4 38. g4 Be5 39. Nh5 Kxd5 40. Nxf6+
Kd4 41. Nxh7 Bxh2 42. Ng5 Kc3 43. Nxf7 Bg1 44. g5 Bd4 45. Ne5 Bc5 46. g6 Bf8 47.
Ke6 Kb2 48. Kf7 Bh6 49. Ng4 1-0

[Event "Women's Speed Chess Q3"]
[Site "chess.com INT"]
[Date "2021.05.30"]
[Round "19"]
[White "Doluhanova, Evgeniya"]
[Black "Vargas, Gabriela"]
[Result "1/2-1/2"]
[WhiteTitle "WGM"]
[BlackTitle "WIM"]
[WhiteElo "2207"]
[BlackElo "2170"]
[WhiteFideId "14112035"]
[BlackFideId "3700860"]
[EventDate "2021.05.30"]

1. e4 e6 2. d4 d5 3. Bd3 c5 4. exd5 exd5 5. dxc5 Bxc5 6. Nf3 Nf6 7. O-O O-O 8.
Bg5 Nc6 9. Nc3 Bg4 10. h3 Bh5 11. Bxf6 Qxf6 12. Nxd5 Qxb2 13. Rb1 Qxa2 14. Rxb7
Rad8 15. Nf4 Bg6 16. Nxg6 hxg6 17. Qa1 Qd5 18. Rfb1 Nd4 19. Nxd4 Bxd4 20. Qa6
Qc5 21. Rf1 Qg5 22. Rb5 Qf6 23. Qxf6 gxf6 24. Rfb1 Rfe8 25. Kf1 Bb6 26. Re1
Rxe1+ 27. Kxe1 Re8+ 28. Kf1 Kg7 29. Rb4 Re5 30. g3 Ra5 31. Kg2 Ra1 32. Re4 f5
33. Re7 Kf6 34. Rb7 Ra2 35. h4 Rb2 36. Kf3 a5 37. Bc4 a4 38. Rxf7+ Ke5 39. Rb7
a3 40. Bf7 Kd4 41. Rd7+ Kc5 42. Re7 a2 43. Bxa2 Rxa2 44. Re6 Ra3+ 45. Kg2 Rc3
46. Rxg6 Rxc2 47. Rg5 Kd6 48. Kh3 Rxf2 49. h5 Ke5 50. g4 Be3 51. Rxf5+ Rxf5 52.
gxf5 Kxf5 53. h6 Bxh6 1/2-1/2

[Event "Women's Speed Chess Q3"]
[Site "chess.com INT"]
[Date "2021.05.30"]
[Round "19"]
[White "Agrest, Inna"]
[Black "Starosta, Martyna"]
[Result "0-1"]
[WhiteTitle "WIM"]
[BlackTitle "WCM"]
[WhiteElo "2285"]
[BlackElo "1910"]
[WhiteFideId "1708830"]
[BlackFideId "21818754"]
[EventDate "2021.05.30"]

1. e4 e5 2. d4 exd4 3. c3 d5 4. exd5 Qxd5 5. cxd4 Nc6 6. Nf3 Bg4 7. Be2 O-O-O 8.
Nc3 Qd7 9. d5 Bxf3 10. Bxf3 Ne5 11. O-O Nxf3+ 12. Qxf3 Bd6 13. a4 a6 14. Ne4 f6
15. Rd1 Ne7 16. Nxd6+ Qxd6 17. Bf4 Qb4 18. Rac1 Rd7 19. d6 Ng6 20. Bg3 c6 21.
Re1 Rhd8 22. Re3 Qxa4 23. Rec3 Ne5 24. Bxe5 fxe5 25. Qf5 Kb8 26. Qxe5 Rxd6 27.
Rd3 Qb4 28. Rcd1 Kc7 29. h3 Rd7 30. b3 a5 31. g3 b6 32. h4 Qc5 33. Qf4 b5 34.
Rxd6 Rxd6 35. Qf7+ Kb6 36. Rxd6 Qxd6 37. Qxg7 Qd1+ 38. Kh2 Qxb3 39. Qxh7 a4 40.
Qe4 a3 41. Qe8 a2 42. Qb8+ Kc5 43. Qa7+ Kc4 44. h5 Qb2 45. Qf7+ Kb4 46. Qe7+ Ka5
47. Qa7+ Kb4 48. Qe7+ c5 49. Qe4+ c4 50. Qe7+ Kb3 0-1

[Event "Women's Speed Chess Q3"]
[Site "chess.com INT"]
[Date "2021.05.30"]
[Round "19"]
[White "Ambartsumova, Karina"]
[Black "Cori T., Deysi"]
[Result "0-1"]
[WhiteTitle "IM"]
[BlackTitle "WGM"]
[WhiteElo "2382"]
[BlackElo "2388"]
[WhiteFideId "4166299"]
[BlackFideId "3801934"]
[EventDate "2021.05.30"]

1. Nf3 d5 2. e3 Nf6 3. c4 c6 4. Nc3 g6 5. d4 Bg7 6. Be2 O-O 7. O-O Re8 8. h3
Nbd7 9. Qb3 e6 10. Bd2 Ne4 11. Rfd1 Qf6 12. Qc2 Nxc3 13. Bxc3 Qe7 14. Rac1 h5
15. e4 dxc4 16. Bxc4 b5 17. Be2 Bb7 18. a4 b4 19. Bd2 a5 20. Bg5 Qd6 21. Be3
Rac8 22. e5 Qc7 23. Ng5 c5 24. Bb5 Red8 25. dxc5 Nxe5 26. c6 Rxd1+ 27. Rxd1 Bxc6
28. Rc1 Qb7 29. Bxc6 Rxc6 30. Qd2 Rxc1+ 31. Qxc1 Qc6 32. Qd2 Qd5 33. Qc2 Nc4 34.
Bc1 Bxb2 35. Nxf7 Kxf7 36. Bxb2 Nxb2 37. Qxb2 Qd1+ 38. Kh2 Qd6+ 39. g3 Qc5 40.
Kg2 Qd5+ 41. Kh2 b3 42. Qh8 Qd2 43. Qh7+ Kf6 44. Qh8+ Kf5 45. Qf8+ Ke4 46. Kg2
b2 47. Qf3+ Ke5 48. Qb3 Qc1 49. Qb5+ Kd6 50. Qb6+ Qc6+ 51. Qxc6+ Kxc6 0-1

[Event "Women's Speed Chess Q3"]
[Site "chess.com INT"]
[Date "2021.05.30"]
[Round "19"]
[White "Bodnaruk, Anastasia"]
[Black "Vantika, Agrawal"]
[Result "1-0"]
[WhiteTitle "IM"]
[BlackTitle "WIM"]
[WhiteElo "2457"]
[BlackElo "2286"]
[WhiteFideId "4181751"]
[BlackFideId "25050389"]
[EventDate "2021.05.30"]

1. e4 c5 2. Nc3 Nc6 3. Bb5 Nd4 4. Bc4 e6 5. Nf3 Qc7 6. d3 a6 7. a4 Nf6 8. O-O
Be7 9. h3 O-O 10. Nxd4 cxd4 11. Ne2 e5 12. Bg5 d6 13. c3 dxc3 14. Nxc3 Be6 15.
Qe2 Rac8 16. Bxe6 fxe6 17. a5 Ne8 18. Be3 Nf6 19. Bb6 Qd7 20. Rfd1 g6 21. d4
exd4 22. Rxd4 e5 23. Rd2 Qe6 24. Kh2 Nh5 25. g3 Bg5 26. Rd3 Rf7 27. Nd5 Rcf8 28.
Rad1 Bd8 29. Be3 Kg7 30. b4 Rd7 31. Qd2 Kg8 32. Re1 Nf6 33. Nxf6+ Bxf6 34. Bc5
Be7 35. Rd1 Rfd8 36. Bb6 Rc8 37. Rc3 Rc4 38. Qa2 d5 39. exd5 Rxc3 40. dxe6 Rxd1
41. Bc5 Bxc5 42. e7+ Kg7 43. e8=Q Bxb4 44. Qef7+ Kh6 45. g4 Rcc1 46. g5+ Kxg5
47. f4+ exf4 48. Qg2+ Kh6 49. Qxf4+ Kg7 50. Qe5+ Kh6 51. Qgg5# 1-0

[Event "Women's Speed Chess Q3"]
[Site "chess.com INT"]
[Date "2021.05.30"]
[Round "19"]
[White "Samaganova, Alexandra"]
[Black "Zhai, Mo"]
[Result "0-1"]
[WhiteTitle "WFM"]
[BlackTitle "WGM"]
[WhiteElo "1993"]
[BlackElo "2366"]
[WhiteFideId "13800221"]
[BlackFideId "8600201"]
[EventDate "2021.05.30"]

1. c4 Nf6 2. Nc3 c5 3. Nf3 Nc6 4. e3 d5 5. cxd5 Nxd5 6. d4 cxd4 7. exd4 g6 8. h3
Bg7 9. Be2 O-O 10. O-O Bf5 11. a3 Rc8 12. Re1 a6 13. Na4 Qc7 14. Bd3 Bxd3 15.
Qxd3 Rfd8 16. Be3 Nf4 17. Qd2 Nd5 18. Rac1 e6 19. b4 Nxe3 20. fxe3 Qe7 21. Nb6
Rb8 22. Qc2 h5 23. Qa4 Qf6 24. Nc4 Qf5 25. Nce5 Nxe5 26. Nxe5 Bxe5 27. Rc5 Rd5
28. Rxd5 exd5 29. dxe5 Qxe5 30. Qd7 Kg7 31. Kh1 Qg3 32. Rf1 Rf8 33. Qxd5 Qxe3
34. Qxb7 Qxa3 35. b5 Qd3 36. Rc1 axb5 37. Qc6 b4 38. Qc4 Qxc4 39. Rxc4 Rb8 40.
Rc2 b3 41. Rb2 Kf6 42. Kh2 Ke5 43. g4 Kd4 44. gxh5 gxh5 45. Rd2+ Kc3 46. Rf2 b2
47. Rxf7 b1=Q 48. Rc7+ Kd4 49. Rd7+ Ke5 50. Re7+ Kf6 51. Re2 Rb2 52. Rxb2 Qxb2+
53. Kg3 Qd2 54. Kh4 Qg5# 0-1

[Event "Women's Speed Chess Q3"]
[Site "chess.com INT"]
[Date "2021.05.30"]
[Round "19"]
[White "Golubeva, Oksana"]
[Black "Zaksaite, Salomeja"]
[Result "1/2-1/2"]
[WhiteTitle "WFM"]
[BlackTitle "WIM"]
[WhiteElo "2179"]
[BlackElo "2202"]
[WhiteFideId "4170164"]
[BlackFideId "12801496"]
[EventDate "2021.05.30"]

1. Nf3 Nf6 2. b3 g6 3. Bb2 Bg7 4. g3 O-O 5. Bg2 d6 6. d4 e6 7. O-O Nbd7 8. a4
Ne4 9. a5 a6 10. c4 f5 11. Nbd2 Ndf6 12. Qc2 h6 13. Rad1 Qe8 14. Nb1 g5 15. Nfd2
Qg6 16. f3 Nxd2 17. Rxd2 Bd7 18. Rfd1 h5 19. Nc3 h4 20. e4 hxg3 21. hxg3 Kf7 22.
e5 Nh5 23. d5 Bxe5 24. dxe6+ Bxe6 25. Nd5 Bxd5 26. Bxe5 dxe5 27. Rxd5 Nxg3 28.
Rxe5 Rad8 29. Rde1 Rd7 30. c5 Kg7 31. Qc3 Qf6 32. Qc2 f4 33. Kf2 Rfd8 34. R1e2
Qg6 35. Qc3 Qf6 36. Rxg5+ Kf7 37. Qxf6+ Kxf6 38. Rxg3 fxg3+ 39. Kxg3 Rd2 40. Re4
Rg8+ 41. Rg4 Rxg4+ 42. fxg4 Rd3+ 43. Kf4 Rxb3 44. Ke4 Rg3 45. Bf3 Kg5 46. Ke3 c6
47. Kf2 Rxg4 48. Bxg4 Kxg4 49. Ke3 Kf5 50. Kd4 Ke6 51. Ke4 Kf6 52. Kf4 Ke6 53.
Ke4 Kd7 54. Kf5 Ke7 55. Ke5 Kd7 56. Kf6 Kc7 57. Ke6 Kc8 58. Kd6 Kd8 59. Ke6 Ke8
60. Kd6 Kd8 61. Ke6 Kc7 62. Ke7 Kc8 63. Ke6 Kc7 64. Ke7 Kc8 65. Kd6 Kd8 1/2-1/2

[Event "Women's Speed Chess Q3"]
[Site "chess.com INT"]
[Date "2021.05.30"]
[Round "19"]
[White "Nomin-Erdene, Davaademberel"]
[Black "Nanditha, V"]
[Result "1-0"]
[WhiteTitle "IM"]
[BlackTitle "WCM"]
[WhiteElo "2382"]
[BlackElo "1666"]
[WhiteFideId "4900782"]
[BlackFideId "46626697"]
[EventDate "2021.05.30"]

1. f4 e5 2. fxe5 d6 3. exd6 Bxd6 4. Nf3 Bg4 5. g3 Qe7 6. Bg2 Bc5 7. d4 Bb6 8.
O-O Nf6 9. e3 c6 10. c4 O-O 11. Nc3 Nbd7 12. c5 Bc7 13. h3 Bh5 14. g4 Bg6 15.
Nh4 Be4 16. Nxe4 Nxe4 17. Nf5 Qe8 18. Qf3 Ng5 19. Qf2 Qe6 20. Bd2 Nf6 21. Ng3
Rae8 22. Rae1 Nge4 23. Nxe4 Nxe4 24. Bxe4 Qxe4 25. Qg2 g6 26. Rf2 Bd8 27. Qg3
Re6 28. Ref1 Bg5 29. Rf3 Re7 30. h4 Bh6 31. g5 Bg7 32. Rf4 Qe6 33. Qf3 Qd7 34.
Bc3 Qd5 35. Qxd5 cxd5 36. R1f3 f5 37. gxf6 Bxf6 38. Rxf6 Rfe8 39. Kf2 Re4 40.
R6f4 R4e7 41. b4 b6 42. Rg4 bxc5 43. dxc5 a5 44. a3 axb4 45. axb4 Ra8 46. Rd4
Ra2+ 47. Kg3 h5 48. Rxd5 Ra8 49. Rg5 Kh7 50. Bd4 Rae8 51. c6 Rc7 52. b5 Rb8 53.
Rf6 Rg7 54. Rd6 Rgg8 55. Rd7+ Kh6 56. c7 Rb7 57. Rc5 Rc8 58. e4 g5 59. Rc6# 1-0

[Event "Women's Speed Chess Q3"]
[Site "chess.com INT"]
[Date "2021.05.30"]
[Round "19"]
[White "Antonova, Nadezhda"]
[Black "Swati, Mohota"]
[Result "0-1"]
[WhiteTitle "WFM"]
[BlackTitle "WFM"]
[WhiteElo "1877"]
[BlackElo "2027"]
[WhiteFideId "14700182"]
[BlackFideId "5006511"]
[EventDate "2021.05.30"]

1. b3 d5 2. Bb2 Nf6 3. Nf3 e6 4. d4 Be7 5. e3 O-O 6. Bd3 c5 7. Nbd2 Nc6 8. O-O
b6 9. a3 a5 10. Qe2 Qc7 11. Ne5 Nxe5 12. dxe5 Nd7 13. f4 f6 14. Qh5 f5 15. Rf3
Rf7 16. Rh3 Nf8 17. Rf1 Ba6 18. c4 a4 19. Qe2 axb3 20. Nxb3 dxc4 21. Bxc4 Bxc4
22. Qxc4 Qc6 23. Nd4 Qa4 24. Qxa4 Rxa4 25. Nb5 c4 26. Rc1 Bc5 27. Kf1 Rd7 28.
Ke2 g6 29. Bd4 Bxa3 30. Nxa3 Rxa3 31. Rxc4 Ra2+ 32. Kf3 b5 33. Rb4 Ra5 34. Ke2
Ra2+ 35. Kf3 Rb7 36. Rg3 Nd7 37. h4 Kf7 38. h5 Nb8 39. hxg6+ hxg6 40. Rh3 Kg7
41. Rh1 Nc6 42. Bc5 Nxb4 43. Bxb4 Rb2 44. Bd6 b4 45. Rc1 b3 46. Rc8 Rc2 47. Bf8+
Kf7 48. Ra8 b2 49. Bh6 b1=Q 50. Rf8+ Ke7 0-1

[Event "Women's Speed Chess Q3"]
[Site "chess.com INT"]
[Date "2021.05.30"]
[Round "19"]
[White "Petrova, Irina"]
[Black "Dauletova, Gulmira"]
[Result "1-0"]
[WhiteTitle "WIM"]
[BlackTitle "WGM"]
[WhiteElo "2110"]
[BlackElo "2285"]
[WhiteFideId "14124122"]
[BlackFideId "13702971"]
[EventDate "2021.05.30"]

1. e4 e5 2. Nf3 Nc6 3. Bb5 a6 4. Ba4 Nf6 5. d3 b5 6. Bb3 Be7 7. O-O O-O 8. Bd2
d6 9. h3 Be6 10. Re1 a5 11. Nc3 a4 12. Bxe6 fxe6 13. Nxb5 Rb8 14. c4 Ra8 15. Nc3
a3 16. b3 Nd4 17. Nxd4 exd4 18. Ne2 e5 19. f4 Nd7 20. f5 Nc5 21. Bb4 Bg5 22.
Bxc5 dxc5 23. Rf1 Be3+ 24. Kh1 Qh4 25. Qe1 Qg5 26. Qg3 Qh6 27. Qg4 Bd2 28. Rf3
Rf6 29. Raf1 Qg5 30. Qxg5 Bxg5 31. Ng3 Bd2 32. Nh5 Rb6 33. f6 g6 34. f7+ Kf8 35.
Ng7 Bf4 36. g3 Kxg7 37. gxf4 exf4 38. Rxf4 Kf8 39. e5 Re6 40. Re4 Rd8 41. Kg2
Rd7 42. Kg3 Rxf7 43. Rxf7+ Kxf7 44. Kf4 h6 45. Re2 Ke7 46. Ke4 c6 47. Rf2 Ke8
48. Rf4 Ke7 49. Rf1 Ke8 50. Rf6 Ke7 51. Rf4 Ke8 52. Rh4 h5 53. Rf4 Ke7 54. Rf1
Ke8 55. Rb1 Re7 56. b4 Rb7 57. b5 cxb5 58. cxb5 Ke7 59. Kd5 c4 60. Kxc4 Ke6 61.
Kxd4 Rd7+ 62. Ke4 Rc7 63. Rb3 g5 64. b6 Rb7 65. d4 g4 66. d5+ Ke7 67. hxg4 hxg4
68. e6 Kd6 69. Kd4 1-0

[Event "Women's Speed Chess Q3"]
[Site "chess.com INT"]
[Date "2021.05.30"]
[Round "19"]
[White "Jakubowska, Anna"]
[Black "Rakshitta, Ravi"]
[Result "0-1"]
[WhiteTitle "WIM"]
[BlackTitle "WIM"]
[WhiteElo "2073"]
[BlackElo "2190"]
[WhiteFideId "1121952"]
[BlackFideId "25073230"]
[EventDate "2021.05.30"]

1. e4 e5 2. Nc3 Nc6 3. g3 Nf6 4. Bg2 Bb4 5. Nge2 Bxc3 6. Nxc3 d6 7. O-O O-O 8.
d3 Nd7 9. f4 Nd4 10. Nd5 c6 11. Ne3 Qb6 12. Kh1 Nf6 13. c3 Ne6 14. f5 Nc7 15.
Nc4 Qa6 16. Nxd6 Rd8 17. Nxc8 Rxd3 18. Ne7+ Kf8 19. Qe2 Kxe7 20. Bg5 Rad8 21.
Rae1 h6 22. Bc1 Qxa2 23. g4 Qc4 24. h4 b5 25. g5 hxg5 26. hxg5 Rh8+ 27. Kg1 Nh5
28. f6+ gxf6 29. gxf6+ Ke8 30. Rd1 Qc5+ 31. Qf2 Qxf2+ 32. Kxf2 Rxd1 33. Rxd1
Nxf6 34. Be3 Ng4+ 35. Kf3 Nxe3 36. Kxe3 f6 37. Ra1 a6 38. Rf1 Rg8 39. Bf3 Ke7
40. Rh1 Rg7 41. Rh8 Kd6 42. Rd8+ Rd7 43. Rf8 Ke7 44. Rb8 Ne6 45. Rb6 Nc5 46.
Rxc6 Nd3 47. b4 Nb2 48. Rxa6 Rd3+ 49. Ke2 Rxc3 50. Bg4 Nc4 51. Bf5 Re3+ 52. Kf2
Rb3 53. Ra7+ Kd6 54. Ra6+ Ke7 55. Ra7+ Kf8 56. Ra6 Rxb4 57. Rxf6+ Ke7 58. Ra6
Kf7 59. Ke2 Rb3 60. Ra7+ Kf6 61. Ra6+ Kg5 62. Be6 Kf4 63. Bd5 Rb2+ 64. Kd1 Ke3 0-1

[Event "Women's Speed Chess Q3"]
[Site "chess.com INT"]
[Date "2021.05.30"]
[Round "19"]
[White "Pandey, Srishti"]
[Black "Dwilewicz, Katarzyna"]
[Result "1-0"]
[WhiteTitle "WFM"]
[BlackTitle "WFM"]
[WhiteElo "2026"]
[BlackElo "2092"]
[WhiteFideId "35093290"]
[BlackFideId "1148486"]
[EventDate "2021.05.30"]

1. d4 Nf6 2. c4 e6 3. Nf3 d5 4. g3 dxc4 5. Bg2 c5 6. O-O Nc6 7. e3 cxd4 8. exd4
Be7 9. Be3 O-O 10. Nbd2 Nd5 11. Nxc4 Nxe3 12. fxe3 Bf6 13. Rc1 Bd7 14. Qe2 Rc8
15. a3 Na5 16. Nxa5 Qxa5 17. Qf2 Bb5 18. Rfe1 h6 19. Nd2 Bc6 20. Bxc6 Rxc6 21.
Ne4 Be7 22. Rxc6 bxc6 23. Rc1 Qb6 24. b4 a5 25. bxa5 Qxa5 26. Rxc6 Qxa3 27. Qc2
Qa8 28. Nf2 Rb8 29. Rc3 Qa1+ 30. Kg2 Qa8+ 31. Qe4 Qxe4+ 32. Nxe4 Rb2+ 33. Nf2 g6
34. Rc8+ Kg7 35. Kf3 h5 36. h3 Bd6 37. g4 h4 38. Ne4 Be7 39. Rc7 Bd8 40. Rd7 Rb8
41. Nd6 Rb2 42. Rxd8 Rh2 43. Rd7 Rxh3+ 44. Kf4 Rh2 45. Rxf7+ Kg8 46. Rf6 Rf2+
47. Kg5 Re2 48. Rxg6+ Kf8 49. Rxe6 h3 50. Nf5 h2 51. Ng3 Rg2 52. Rh6 Rxg3 53.
Rxh2 Rxe3 54. Rd2 Re6 55. Kf5 Rd6 56. d5 Kf7 57. Ke5 Rg6 58. Kf5 Rd6 59. g5 Kg7
60. Rd3 Rd8 61. d6 Rf8+ 62. Kg4 Rd8 63. d7 Kf7 64. Kf5 Ke7 65. g6 Rf8+ 66. Kg5
Rd8 67. Kh6 Kf6 68. Rd6+ Ke7 69. Rd1 Kf6 70. g7 Kf7 71. Kh7 1-0

[Event "Women's Speed Chess Q3"]
[Site "chess.com INT"]
[Date "2021.05.30"]
[Round "20"]
[White "Gaponenko, Inna"]
[Black "Sliwicka, Alicja"]
[Result "0-1"]
[WhiteTitle "IM"]
[BlackTitle "WIM"]
[WhiteElo "2357"]
[BlackElo "2346"]
[WhiteFideId "14101181"]
[BlackFideId "1150677"]
[EventDate "2021.05.30"]

1. e4 c5 2. c3 e5 3. Nf3 Nc6 4. Bc4 h6 5. d4 cxd4 6. cxd4 exd4 7. Nxd4 Bc5 8.
Be3 Nxd4 9. Bxd4 Bxd4 10. Qxd4 Qe7 11. Qxg7 Qf6 12. Qg6 fxg6 0-1

[Event "Women's Speed Chess Q3"]
[Site "chess.com INT"]
[Date "2021.05.30"]
[Round "20"]
[White "Mohota, Nisha"]
[Black "Perez Rodriguez, Jennifer"]
[Result "0-1"]
[WhiteTitle "IM"]
[BlackTitle "WIM"]
[WhiteElo "2195"]
[BlackElo "2251"]
[WhiteFideId "5004330"]
[BlackFideId "3507831"]
[EventDate "2021.05.30"]

1. b3 e5 2. Bb2 d6 3. c4 f5 4. e3 Nf6 5. d4 Nbd7 6. Nc3 g6 7. dxe5 dxe5 8. Nf3
Bg7 9. Be2 O-O 10. O-O e4 11. Nd4 Ne5 12. Qc2 c6 13. Rad1 Qc7 14. c5 Bd7 15.
Bc4+ Nxc4 16. bxc4 Ng4 17. Nce2 Qxh2# 0-1

[Event "Women's Speed Chess Q3"]
[Site "chess.com INT"]
[Date "2021.05.30"]
[Round "20"]
[White "Soumya, Swaminathan"]
[Black "Grigoryan, Meri"]
[Result "1-0"]
[WhiteTitle "IM"]
[BlackTitle "WFM"]
[WhiteElo "2351"]
[BlackElo "2044"]
[WhiteFideId "5016193"]
[BlackFideId "13300571"]
[EventDate "2021.05.30"]

1. Nf3 d5 2. c4 dxc4 3. Na3 Be6 4. e3 Nf6 5. Nxc4 g6 6. d4 Bg7 7. Be2 c6 8. O-O
O-O 9. h3 Nbd7 10. a4 Qc7 11. a5 Ne4 12. Qc2 f5 13. b3 Kh8 14. Ba3 Ndf6 15. Nce5
Nd5 16. Bd3 Nef6 17. Ng5 Bg8 18. h4 h6 19. Nxg6# 1-0

[Event "Women's Speed Chess Q3"]
[Site "chess.com INT"]
[Date "2021.05.30"]
[Round "20"]
[White "Obregon Garcia, Roxangel"]
[Black "Nomin-Erdene, Davaademberel"]
[Result "1-0"]
[WhiteTitle "WIM"]
[BlackTitle "IM"]
[WhiteElo "2167"]
[BlackElo "2382"]
[WhiteFideId "3520420"]
[BlackFideId "4900782"]
[EventDate "2021.05.30"]

1. e4 c6 2. d4 d5 3. e5 Bf5 4. Nf3 e6 5. Be2 c5 6. c3 Nc6 7. O-O Nge7 8. Na3 Nc8
9. Nc2 a6 10. Ne3 Bg6 11. Ne1 cxd4 12. cxd4 Qb6 13. Nf3 Be7 14. b3 O-O 15. Bb2
f6 16. Rc1 Qd8 17. Bd3 Bxd3 18. Qxd3 fxe5 19. Nxe5 Nxe5 20. dxe5 Na7 21. f4 Qd7
22. f5 exf5 23. Nxf5 Nc6 24. e6 Qxe6 25. Nxg7 Qd6 26. Nf5 Qd7 27. Nh6# 1-0

[Event "Women's Speed Chess Q3"]
[Site "chess.com INT"]
[Date "2021.05.30"]
[Round "20"]
[White "Rakshitta, Ravi"]
[Black "Tokhirjonova, Gulrukhbegim"]
[Result "1-0"]
[WhiteTitle "WIM"]
[BlackTitle "WGM"]
[WhiteElo "2190"]
[BlackElo "2350"]
[WhiteFideId "25073230"]
[BlackFideId "14203626"]
[EventDate "2021.05.30"]

1. e4 e5 2. Nf3 Nc6 3. Bc4 Bc5 4. O-O Nf6 5. d4 Bxd4 6. Nxd4 Nxd4 7. f4 d6 8.
fxe5 dxe5 9. Bg5 Qe7 10. Na3 a6 11. c3 Nc6 12. Bxf6 gxf6 13. Qf3 Be6 14. Qxf6
Qxf6 15. Rxf6 Bxc4 16. Nxc4 Ke7 17. Raf1 Raf8 18. Ne3 Rhg8 19. Nd5+ Ke8 20.
Nxc7+ Ke7 21. Nd5+ Ke8 22. R6f5 Rg6 23. Rh5 h6 24. Rhf5 a5 25. Nf6+ Ke7 26. Nh7
Rfg8 27. Rxf7+ Kd6 28. g3 b5 29. Nf8 Rg4 30. Rd1+ Kc5 31. Nd7+ Kc4 32. b3+ Kxc3
33. Rc1+ Kd2 34. Rxc6 Rxe4 35. Rf2+ Ke1 36. Rc1# 1-0

[Event "Women's Speed Chess Q3"]
[Site "chess.com INT"]
[Date "2021.05.30"]
[Round "20"]
[White "Zawadzka, Jolanta"]
[Black "Batsiashvili, Nino"]
[Result "0-1"]
[WhiteTitle "WGM"]
[BlackTitle "GM"]
[WhiteElo "2399"]
[BlackElo "2491"]
[WhiteFideId "1122320"]
[BlackFideId "13602993"]
[EventDate "2021.05.30"]

1. e3 c5 2. d4 cxd4 3. exd4 d5 4. Bd3 Nc6 5. Ne2 Nf6 6. Be3 Bg4 7. f3 Bh5 8. O-O
Bg6 9. c3 e6 10. Nf4 Bd6 11. Nxg6 hxg6 12. g3 Qc7 13. Qe1 O-O-O 14. Na3 a6 15.
Rc1 Kb8 16. Nc2 Ne7 17. f4 Nf5 18. Bf2 Ng4 19. h4 Nxf2 20. Qxf2 f6 21. Bxf5 gxf5
22. Ne3 g5 23. Ng2 Rdg8 24. Rce1 gxf4 25. Rxe6 Rxg3 26. c4 Rhg8 27. Rfe1 Rxg2+
28. Qxg2 Rxg2+ 29. Kxg2 dxc4 30. h5 Qc6+ 31. Kh3 Qf3+ 32. Kh2 Qg3+ 33. Kh1 f3
34. Rxd6 Qg2# 0-1

[Event "Women's Speed Chess Q3"]
[Site "chess.com INT"]
[Date "2021.05.30"]
[Round "20"]
[White "Enkhtuul, Altan-Ulzii"]
[Black "Alboredo, Julia"]
[Result "1-0"]
[WhiteTitle "WGM"]
[BlackTitle "WFM"]
[WhiteElo "2228"]
[BlackElo "2182"]
[WhiteFideId "4901444"]
[BlackFideId "2124807"]
[EventDate "2021.05.30"]

1. d4 Nf6 2. Nc3 d5 3. Bf4 a6 4. e3 Bf5 5. Nf3 e6 6. Ne5 Nbd7 7. g4 Bg6 8. h4
Ne4 9. h5 Nxc3 10. bxc3 f6 11. Nxd7 Qxd7 12. hxg6 h6 13. Bd3 Qc6 14. Qd2 O-O-O
15. f3 Re8 16. Kf2 e5 17. Bf5+ Kb8 18. Bg3 Bd6 19. Rab1 b6 20. Rhd1 a5 21. dxe5
fxe5 22. Qxd5 Qxc3 23. Be4 Kc8 24. Qb7+ Kd7 25. Rxb6 Ke6 26. Bf5+ Ke7 27. Rbxd6
Rd8 28. Rd7+ Rxd7 29. Rxd7+ Kf6 30. Bh4# 1-0

[Event "Women's Speed Chess Q3"]
[Site "chess.com INT"]
[Date "2021.05.30"]
[Round "20"]
[White "Chu, Ruotong"]
[Black "Varney, Zoe"]
[Result "0-1"]
[WhiteTitle "WIM"]
[BlackTitle "WCM"]
[WhiteElo "2207"]
[BlackElo "1917"]
[WhiteFideId "8605653"]
[BlackFideId "436135"]
[EventDate "2021.05.30"]

1. d4 d5 2. Nf3 Nf6 3. g3 c6 4. Bg2 Nbd7 5. O-O e6 6. c4 Bd6 7. Nc3 O-O 8. Qd3
b6 9. Bg5 Bb7 10. a4 h6 11. Bxf6 Qxf6 12. e4 dxe4 13. Nxe4 Qe7 14. Nxd6 Qxd6 15.
a5 e5 16. a6 Bc8 17. Rfd1 Re8 18. dxe5 Qxd3 19. Rxd3 Nc5 20. Rd6 Be6 21. Nd4
Red8 0-1

[Event "Women's Speed Chess Q3"]
[Site "chess.com INT"]
[Date "2021.05.30"]
[Round "20"]
[White "Froewis, Annika"]
[Black "Vine, Elzbieta"]
[Result "1-0"]
[WhiteTitle "WFM"]
[BlackTitle "WFM"]
[WhiteElo "2143"]
[BlackElo "2138"]
[WhiteFideId "1621432"]
[BlackFideId "1119320"]
[EventDate "2021.05.30"]

1. b3 e5 2. Bb2 d6 3. e3 Nc6 4. c4 Nf6 5. g3 Bg4 6. Be2 Bf5 7. Bf3 Qd7 8. Ne2
O-O-O 9. d4 e4 10. Bg2 Bh3 11. Bxh3 Qxh3 12. Nbc3 Ng4 13. Nf4 Qh6 14. Qxg4+ f5
15. Qxf5+ Kb8 16. Qxe4 g5 17. Nfd5 Bg7 18. O-O-O Rhe8 19. Qd3 g4 20. Nb5 a6 21.
Nbxc7 Nb4 22. Nxb4 Kxc7 23. h3 Qg5 24. hxg4 h6 25. Qf5 Qe7 26. Nd5+ 1-0

[Event "Women's Speed Chess Q3"]
[Site "chess.com INT"]
[Date "2021.05.30"]
[Round "20"]
[White "Ramirez, Maria Eugenia"]
[Black "Priyanka, K"]
[Result "1-0"]
[WhiteTitle "WFM"]
[BlackTitle "WIM"]
[WhiteElo "2057"]
[BlackElo "2218"]
[WhiteFideId "3301680"]
[BlackFideId "5082986"]
[EventDate "2021.05.30"]

1. e4 c5 2. c3 Nf6 3. e5 Nd5 4. g3 Nc6 5. Bg2 e6 6. Nf3 Be7 7. O-O O-O 8. Re1 d6
9. exd6 Qxd6 10. d4 cxd4 11. Nxd4 Nxd4 12. Qxd4 Bf6 13. Qd1 Rd8 14. Na3 Bd7 15.
c4 Qb4 16. cxd5 Bxb2 17. Bxb2 Qxb2 18. Qb3 Qxb3 19. axb3 exd5 20. Bxd5 Bc6 21.
Bxc6 bxc6 22. Rad1 Rab8 23. Rxd8+ Rxd8 24. Nc4 Kf8 25. Ra1 Rb8 26. Ra3 g6 27.
Kf1 Rb5 28. Ke2 Kg7 29. Kd3 h5 30. Kc3 Rf5 31. f4 h4 32. Rxa7 hxg3 33. hxg3 Rd5
34. Ne5 1-0